Porovnanie automobilov nižšej strednej triedy

Saved in:
Bibliographic Details
Main Author: Minčič, Mikuláš (Author)
Other Authors: Danko, Ján (Thesis advisor)
Format: Manuscript Book
Language:Slovak
Published: 2015
Subjects:
Online Access:http://is.stuba.sk/zp/portal_zp.pl?podrobnosti=99452
Tags: Add Tag
No Tags, Be the first to tag this record!

MARC

LEADER 00000ntm a22000003a 4500
001 stuzp52414
003 SK-STU
005 20160719154149.9
007 ta
008 150427s2015----xo-----f-mn---000-0-slo-d
040 |a STU  |b slo 
041 0 |a slo 
100 1 |a Minčič, Mikuláš  |u 020030  |4 aut  |U SjF Strojnícka fakulta  |T SjF Ústav dopravnej techniky a konštruovania  |X 55267  |U J0030  |Y 806  |7 55267 
242 0 1 |a Comparison of cars lower middle class  |y eng 
245 1 0 |a Porovnanie automobilov nižšej strednej triedy 
260 |c 2015 
650 4 |a motor  |2 slo 
650 4 |a jazdné odpory  |2 slo 
650 4 |a výkon  |2 slo 
650 4 |a krútiaci moment  |2 slo 
650 4 |a engine  |2 eng 
650 4 |a driving resistances  |2 eng 
650 4 |a performance  |2 eng 
650 4 |a torque  |2 eng 
700 1 |a Danko, Ján  |4 ths  |X 3691  |7 A000003691 
856 4 |u http://is.stuba.sk/zp/portal_zp.pl?podrobnosti=99452 
996 |b 284J044881  |c J* 2511/BP  |l JJSK  |s A  |a 24  |w stuzp52414_0001 
SQL |a stuzp52414  |b DBP  |c SLO  |d Porovnanie automobilov nižšej strednej triedy  |e 55267  |f Minčič, Mikuláš  |g 020030  |h 3691  |i Danko, Ján  |j 20150616  |k 43  |l 02  |m http://is.stuba.sk/zp/portal_zp.pl?podrobnosti=99452  |n B-ALSM  |o 5.2.4. motorové vozidlá, koľajové vozidlá, lode a lietadlá